Subdistricts in Jakarta - Statistics

General Stats
  • This quiz has been taken 51 times
  • The average score is 20 of 44
Answer Stats
Hint Kecamatan % Correct
East jakarta Jatinegara
63%
South Jakarta Kebayoran Lama
63%
South Jakarta Kebayoran Baru
59%
Central Jakarta Kemayoran
59%
Central Jakarta Menteng
59%
East Jakarta jakarta timur Cakung
56%
South Jakarta Pasar Minggu
56%
Jakarta Barat West Jakarta Cengkareng
53%
Jakarta Barat West Jakarta Kebon jeruk
53%
Jakarta Selatan South Jakarta Cilandak
50%
North Jakarta Kelapa Gading
50%
Central Jakarta Tanah Abang
50%
North Jakarta Tanjung Priok
50%
South Jakarta Tebet
50%
Central Jakarta Gambir
47%
Kepulauan Seribu Kepulauan Seribu Selatan
47%
Kepulauan Seribu Kepulauan Seribu Utara
47%
East jakarta Kramat Jati
47%
North Jakarta Penjaringan
47%
South Jakarta Pesanggrahan
47%
Central Jakarta Sawah Besar
47%
Jakarta Pusat Central Jakarta Cempaka Putih
44%
Jakarta Utara North Jakarta Cilincing
44%
Jakarta Barat West Jakarta Kalideres
44%
North Jakarta Koja
44%
East jakarta Pasar rebo
44%
Central Jakarta Senen
44%
South Jakarta Setiabudi
44%
East jakarta Cipayung
41%
East jakarta Ciracas
41%
Jakarta Barat West Jakarta Grogol Petamburan
41%
South Jakarta Jagakarsa
41%
Jakarta Barat West Jakarta Palmerah
41%
South Jakarta Pancoran
41%
Jakarta Barat West Jakarta Taman Sari|Sari Park
41%
East jakarta Duren Sawit
38%
Jakarta Barat West Jakarta Kembangan
38%
East jakarta Makasar
38%
East jakarta Pulo Gadung
38%
Central Jakarta Johar Baru
34%
East jakarta Matraman
34%
Jakarta Barat West Jakarta Tambora
34%
South Jakarta Mampang Prapatan
31%
North Jakarta Pademangan
25%
No matching quizzes found
Score Distribution
Percent of People with Each Score
Percentile by Number Answered
Your Score History
You have not taken this quiz